000
00293nam a22001337a 4500
008
181101b xxu||||| |||| 00| 0 eng d
020
_a
9780205798377
041
_a
eng
080
_2
8 th
_a
370
100
_a
370
101
_a
EDU
245
_a
The Longman Writer
_c
Nadel.J
942
_2
udc
_c
BK
999
_c
51546
_d
51546